West Market Street Methodist Episcopal Church, South : a history of its growth and influence for one hundred years from its foundation in 1830, until October 12th, 1930 /

Bibliographic Details
Corporate Author: West Market Street Methodist Episcopal Church, South (Greensboro, N.C.)
Format: Microform Book
Language:English
Published: Greensboro, N.C. : Circle No. 6, Woman's Missionary Society, 1934.
Series:Genealogy and local history ; LH 143.
Subjects:

MARC

Tag First Indicator Second Indicator Subfields
LEADER 00000cam a2200000 i 4500
001 in00000987607
005 20150927153912.0
007 he am||||b|||
008 811221r19791934ncua b 00010 eng d
035 |a (OCoLC)08011331 
035 |9 AEY0609AM 
037 |a CL0086000001  |b University Microfilms International 
037 |b University Microfilms International, 300 N. Zeeb Road, Ann Arbor, MI 48016 
040 |a PHA  |c PHA  |d GLZ  |d UMI  |d TXA  |d UtOrBLW 
043 |a n-us-nc 
049 |a TXAI 
099 |a fiche  |a C  |a 13210 
110 2 |a West Market Street Methodist Episcopal Church, South (Greensboro, N.C.) 
245 1 0 |a West Market Street Methodist Episcopal Church, South :  |b a history of its growth and influence for one hundred years from its foundation in 1830, until October 12th, 1930 /  |c as prepared by a special committee of the church. 
264 1 |a Greensboro, N.C. :  |b Circle No. 6, Woman's Missionary Society,  |c 1934. 
300 |a 29 pages :  |b illustrations ;  |c 23 cm. 
336 |a text  |b txt  |2 rdacontent 
337 |a microform  |b h  |2 rdamedia 
338 |a microfiche  |b he  |2 rdacarrier 
533 |a Microfiche.  |b Sanford, N.C. :  |c Microfilming Corporation of America,  |d [1979]  |e 1 microfiche ; 11 x 15 cm.  |f (Genealogy and local history ; LH 143) 
536 |a Acquired through the generosity of Mrs. Mary Marshall. 
500 |a Microform. 
610 2 0 |a West Market Street Methodist Episcopal Church, South (Greensboro N.C.) 
651 0 |a Greensboro (N.C.)  |x Church history. 
830 0 |a Genealogy and local history ;  |v LH 143. 
999 |a MARS 
999 f f |s 81fca11b-25f6-319f-bddd-d82d5aa3f84b  |i 6f8fd4af-83a5-3120-a7f0-e91f49ac465a  |t 0 
952 f f |p default  |a Texas A&M University  |b College Station  |c Sterling C. Evans Library  |d Evans: Microforms (3rd floor)  |t 0  |e fiche C 13210  |h Other scheme  |i microform -- microfiche 
998 f f |a fiche C 13210  |t 0  |l Evans: Microforms (3rd floor)